The Swiss market for Malaysian product.
| Main Author: | |
|---|---|
| Format: | Book |
| Published: |
Cologne:
MATRADE Cologne,
2002.
|
| Subjects: |
| LEADER | 00485cam a2200145 7i4500 | ||
|---|---|---|---|
| 001 | 0000014259 | ||
| 005 | 20040723090000.0 | ||
| 090 | 0 | 0 | |a GERM 338.02 |b SWI P 338.02 |b SWI MAT 338.02 |b SWI |
| 100 | 2 | 0 | |a Malaysia External Trade Development(MATRADE) |
| 245 | 2 | 0 | |a The Swiss market for Malaysian product. |
| 260 | 0 | 0 | |a Cologne: |b MATRADE Cologne, |c 2002. |
| 300 | # | # | |a [n.p]. |
| 650 | 0 | 0 | |a Products -- |z Germany |
| 651 | 0 | 0 | |a Germany |
| 999 | |a 0000014938 |b Book |c COUNTRIES |e Business Information Centre | ||